Loading...
| Mythology | 0 | 6 | 0 | 2 | 60 | 64 | 103.83 | 4 | 6 | 0.00 | 0.00 |
| Science - Physics | 0 | 5 | 1 | 1 | 45 | 71 | 100.40 | 2 | 5 | 0.00 | 0.00 |
| History - Other | 0 | 4 | 0 | 0 | 40 | 77 | 94.00 | 3 | 4 | 0.00 | 0.00 |
| Social Science | 1 | 2 | 0 | 0 | 35 | 37 | 86.67 | 2 | 3 | 0.00 | 0.00 |
| History - European | 1 | 2 | 0 | 0 | 35 | 38 | 77.67 | 3 | 3 | 0.00 | 0.00 |
| Fine Arts - Other | 0 | 3 | 0 | 0 | 30 | 101 | 129.00 | 1 | 3 | 0.00 | 0.00 |
| Science - Chemistry | 0 | 3 | 1 | 1 | 25 | 89 | 112.00 | 2 | 3 | 0.00 | 0.00 |
| History - World | 0 | 3 | 1 | 0 | 25 | 82 | 100.33 | 1 | 3 | 0.00 | 0.00 |
| Science - Other | 0 | 3 | 2 | 0 | 20 | 71 | 73.67 | 3 | 3 | 0.00 | 0.00 |
| Science - Biology | 0 | 2 | 0 | 1 | 20 | 95 | 108.50 | 1 | 2 | 0.00 | 0.00 |
| History - American | 0 | 2 | 0 | 0 | 20 | 80 | 99.00 | 1 | 2 | 0.00 | 0.00 |
| Literature - World | 1 | 0 | 0 | 0 | 15 | 68 | 68.00 | 1 | 1 | 0.00 | 0.00 |
| Social Science- Edited | 0 | 1 | 0 | 0 | 10 | 80 | 80.00 | 1 | 1 | 0.00 | 0.00 |
| Fine Arts - Auditory | 0 | 1 | 0 | 0 | 10 | 75 | 75.00 | 1 | 1 | 0.00 | 0.00 |
| Geography | 0 | 1 | 0 | 1 | 10 | 127 | 127.00 | 1 | 1 | 0.00 | 0.00 |
| Literature - American | 0 | 1 | 0 | 0 | 10 | 126 | 126.00 | 0 | 1 | 0.00 | 0.00 |
| Philosophy | 0 | 1 | 0 | 0 | 10 | 140 | 140.00 | 0 | 1 | 0.00 | 0.00 |
| Pop Culture | 0 | 1 | 0 | 0 | 10 | 130 | 130.00 | 0 | 1 | 0.00 | 0.00 |
| Religion- Edited | 0 | 1 | 0 | 0 | 10 | 114 | 114.00 | 0 | 1 | 0.00 | 0.00 |
| Current Events | 0 | 1 | 0 | 1 | 10 | 117 | 117.00 | 1 | 1 | 0.00 | 0.00 |
| Religion | 0 | 1 | 1 | 0 | 5 | 123 | 123.00 | 1 | 1 | 0.00 | 0.00 |
| Literature - European | 0 | 0 | 1 | 0 | -5 | 0.00 | 0 | 0 | 0.00 | 0.00 |